La epopeya de Artigas (Record no. 129971)

MARC details
000 -LEADER
campo de control de longitud fija 00475nam a2200145 i 4500
001 - NÚMERO DE CONTROL
campo de control 129971
003 - IDENTIFICADOR DE NÚMERO DE CONTROL
campo de control ES-MaACL
005 - FECHA Y HORA DE LA ÚLTIMA TRANSACCIÓN
campo de control 20230906193621.0
007 - CAMPO FIJO DE DESCRIPCIÓN FÍSICA--INFORMACIÓN GENERAL
campo de control de longitud fija t|
008 - DATOS DE LONGITUD FIJA--INFORMACIÓN GENERAL
campo de control de longitud fija 070712s1907 sp ||||1| spa d
100 1# - ENTRADA PRINCIPAL--NOMBRE DE PERSONA
Nombre de persona Zorrilla de San Martín, Juan.
9 (RLIN) 118357
245 13 - MENCIÓN DEL TÍTULO
Título La epopeya de Artigas
Resto del título : publicado por la Asociación de Estudiantes /
Mención de responsabilidad, etc. Juan Zorrilla de San Martín.
260 ## - PUBLICACIÓN, DISTRIBUCIÓN, ETC.
Lugar de publicación, distribución, etc. Montevideo :
Nombre del editor, distribuidor, etc. Talleres Gráficos "El Arte",
Fecha de publicación, distribución, etc. 1907.
852 ## - LOCALIZACIÓN
Ubicación ES-MaACL
Número de control de estantería T-1149-F-4
Holdings
Estatus retirado Estado de pérdida Estado de daño No para préstamo Colección Biblioteca de origen Biblioteca actual Ubicación en estantería Fecha de adquisición Fuente de adquisición Total de préstamos Signatura topográfica completa Código de barras Visto por última vez Precio de reemplazo Tipo de ítem Koha
        Colección de folletos Biblioteca del Ateneo de Madrid Biblioteca del Ateneo de Madrid Depósito folletos 17/01/2008     T-1149-F-4 1135333 23/02/2023 23/02/2023 Folleto